000 00578nam a2200169Ia 4500
003 GCL
008 140319s9999 xx 000 0 ara d
040 _aGCL /
_cGCL
082 0 4 _a863.009
_bب م
100 1 _aبدر عبدالملك محمد
245 1 0 _aملامح من ادب امريكا اللاتينية : الرواية نموذجا /
_cبدر عبدالملك محمد
300 _a247 ص
490 _aالهيئة العامة للاستعلامات
_v0
650 0 4 _aالادب
650 0 4 _aالادب الاسبانى - تاريخ ونقد
942 _2ddc
_cBK
999 _c48702
_d48702